Η Επικοινωνία στις Οργανώσεις / Η εξέλιξη των θεωριών των οργανώσεων και οι επικοινωνιακές τους διαστάσεις (Record no. 853)
[ view plain ]
| 000 -LEADER | |
|---|---|
| fixed length control field | 01697cam a22001934a 4500 |
| 005 - ΗΜΕΡΟΜΗΝΙΑ ΚΑΙ ΩΡΑ ΤΕΛΕΥΤΑΙΑΣ ΕΝΗΜΕΡΩΣΗΣ | |
| Πεδίο ελέγχου | 20250605163947.0 |
| 008 - FIXED-LENGTH DATA ELEMENTS--GENERAL INFORMATION | |
| Πεδίο ελέγχου σταθερού μήκους | 250528s ||||||||||||||||||||||||d |
| 035 ## - SYSTEM CONTROL NUMBER | |
| System control number | 15260 |
| 020 ## - ISBN | |
| ISBN | 9602181478 |
| 040 ## - ΠΗΓΗ ΚΑΤΑΛΟΓΟΓΡΑΦΗΣΗΣ | |
| Φορέας πρωτότυπης καταλογογράφησης | MC Athens Campus Library |
| Γλώσσα καταλογογράφησης | Ελληνικά, Μοντέρνα (1453-) |
| Modifying agency | MC Athens Campus Library |
| Κανόνες περιγραφικής καταλογογράφησης | AACR2 |
| 245 1# - ΤΙΤΛΟΣ ΚΑΙ ΔΗΛΩΣΗ ΥΠΕΥΘΥΝΟΤΗΤΑΣ | |
| Τίτλος | Η Επικοινωνία στις Οργανώσεις / Η εξέλιξη των θεωριών των οργανώσεων και οι επικοινωνιακές τους διαστάσεις |
| 260 ## - PUBLICATION, DISTRIBUTION, ETC. | |
| Name of publisher, distributor, etc. | Addison-Wesley Publishing Company, |
| Date of publication, distribution, etc. | 1997 |
| 300 ## - PHYSICAL DESCRIPTION | |
| Extent | 488 |
| 520 ## - SUMMARY, ETC. | |
| Summary, etc. | Στόχος του Βιβλίου είναι να παρουσιάσει την εξέλιξη των διαφόρων θεωρητικών προσεγγίσεων που αφορούν τις οργανώσεις. Παράλληλα επιχειρεί να αναλύσει τη σημασία της επικοινωνίας στις θεωρίες των οργανώσεων και να αναδείξει τη συμβολή της στη λειτουργία τους. Οι Θεωρίες των Οργανώσεων και η Επικοινωνιακή τους Διάσταση, Οι Κλασσικές Θεωρίες των Οργανώσεων, Οι Θεωρίες των Ανθρώπινων Σχέσεων, Οι Θεωρίες της Συμπεριφοράς και της Λήψης Αποφάσεων, Η Συστημική Θεώρηση, Η Ενδεχόμενη Θεώρηση, Εξελικτικές Προσεγγίσεις, Η Νέο-Θεσμική Ανάλυση, Η Ερμηνευτική Προσέγγιση. |
| 700 1# - ΠΡΟΣΘΕΤΗ ΑΝΑΓΡΑΦΗ--ΦΥΣΙΚΟ ΠΡΟΣΩΠΟ | |
| Personal name | Παναγιωτοπούλου Ροή |
| 9 (RLIN) | 1153 |
| 942 ## - ADDED ENTRY ELEMENTS (KOHA) | |
| Koha item type | Books |
| Τύπος τεκμηρίου | Βιβλιοθήκη | Τρέχουσα τοποθεσία | Barcode | Αριθμός εισαγωγής | Ημερομηνία απόκτησης | Ταξιθετικό σύμβολο | Αριθμός αντιτύπου | Κατάσταση απόσυρσης | Κατάσταση χαμένου | Κατάσταση κατεστραμμένου | Μη δανεισμός | Σύνολο δανεισμών | Ημερομηνία τελευταίας εμφάνισης | Η τιμή ισχύει από |
|---|---|---|---|---|---|---|---|---|---|---|---|---|---|---|
| Books | MC Athens Campus Library | MC Athens Campus Library | 9780000008527 | 1504 | 05/06/2025 | 658.45 PAN | 1 | 05/06/2025 | 05/06/2025 |